000 00571nam a2200181Ia 4500
008 090124s9999 xx 000 0 und d
082 _b24684
_a2640
100 _aशिंदे अण्णासाहेब
245 _a देवाघरची नाती
250 _a1
260 _c1985
300 _a85
600 _aशिंदे अण्णासाहेब
630 _a देवाघरची नाती
700 _aशिंदे अण्णासाहेब
730 _a देवाघरची नाती
942 _cBOOK
999 _c138232
_d138232